000
00287nam a22001337a 4500
008
180227b xxu||||| |||| 00| 0 eng d
020
_a
9781419599552
041
_a
eng
080
_a
610.73
100
_a
1
101
_a
INF
245
_a
Math for nurses
_c
Stassi,M.E
942
_2
udc
_c
BK
999
_c
43610
_d
43610